书目信息 |
| 题名: |
大学军事教程
|
|
| 作者: | 何平 , 徐传光 , 王军辉 主编 | |
| 分册: | ||
| 出版信息: | 北京 国防大学出版社 2016 |
|
| 页数: | 212页 | |
| 开本: | 26cm | |
| 丛书名: | ||
| 单 册: | ||
| 中图分类: | E0 | |
| 科图分类: | ||
| 主题词: | 军事科学--jun shi ke xue--高等学校--教材 | |
| 电子资源: | ||
| ISBN: | 978-7-5626-2296-3 | |
| 000 | 01042nam0 2200289 45 | |
| 001 | 012001011379 | |
| 005 | 20131017175541.0 | |
| 010 | @a978-7-5626-2296-3@dCNY32.00 | |
| 099 | @aCAL 012019057839 | |
| 100 | @a20190506d2016 ekmy0chiy50 ea | |
| 101 | 0 | @achi |
| 102 | @aCN@b110000 | |
| 105 | @aa a 000yy | |
| 106 | @ar | |
| 200 | 1 | @a大学军事教程@ADa Xue Jun Shi Jiao Cheng@f主编何平, 徐传光, 王军辉 |
| 210 | @a北京@c国防大学出版社@d2016 | |
| 215 | @a212页@c图@d26cm | |
| 320 | @a有书目 (第244页) | |
| 330 | @a本书为地方高校军事理论课教材,分为上下两篇,上篇包括:中国国防、军事思想、战略环境、军事高技术、信息化战争等五章。下篇包括:中国人民解放军条令教育与训练、轻武器射击、战术、军事地形学、综合训练等章节。 | |
| 333 | @a全国普通高等教育“十三五”规划教材 | |
| 606 | 0 | @a军事科学@Ajun shi ke xue@x高等学校@j教材 |
| 690 | @aE0@v5 | |
| 701 | 0 | @a何平@AHe Ping@4主编 |
| 701 | 0 | @a徐传光@AXu Chuan Guang@4主编 |
| 701 | 0 | @a王军辉@AWang Jun Hui@4主编 |
| 801 | 0 | @aCN@b上海新华@c20191020 |
| 905 | @b1183120-3@dE0@e27@f4 | |
| 大学军事教程/主编何平, 徐传光, 王军辉.-北京:国防大学出版社,2016 |
| 212页:图;26cm |
| 使用对象:全国普通高等教育“十三五”规划教材 |
| ISBN 978-7-5626-2296-3:CNY32.00 |
| 本书为地方高校军事理论课教材,分为上下两篇,上篇包括:中国国防、军事思想、战略环境、军事高技术、信息化战争等五章。下篇包括:中国人民解放军条令教育与训练、轻武器射击、战术、军事地形学、综合训练等章节。 |
| ● |
| 相关链接 |
|
|
|
|
正题名:大学军事教程
索取号:E0/27
 
预约/预借
| 序号 | 登录号 | 条形码 | 馆藏地/架位号 | 状态 | 备注 |
| 1 | 1183120 | 211831204 | 第一样本阅览室/ [索取号:E0/27] | 在馆 | |
| 2 | 1183121 | 211831213 | 第一借阅区/ [索取号:E0/27] | 在馆 | |
| 3 | 1183122 | 211831222 | 第一借阅区/ [索取号:E0/27] | 在馆 | |
| 4 | 1183123 | 211831231 | 第一借阅区/ [索取号:E0/27] | 在馆 |